London Football Club Locations - Map Quiz - Statistics

General Stats
  • This quiz has been taken 545 times
  • The average score is 6 of 12
Answers on the Map
Answers color-coded by a green-red scale on the quiz's map according to % correct below.
 
Answer Stats
Answer % Correct
Arsenal
73%
Tottenham Hotspur
64%
Chelsea
60%
Crystal Palace
56%
Fulham
54%
West Ham United
51%
Brentford
45%
Millwall
40%
Queens Park Rangers
38%
AFC Wimbledon
37%
Leyton Orient
32%
Charlton Athletic
30%
No matching quizzes found
Score Distribution
Percent of People with Each Score
Percentile by Number Answered
Your Score History
You have not taken this quiz